000 00558nam a2200217Ia 4500
003 OSt
005 20220928141524.0
006 a|||||r|||| 00| 0
007 ta
008 220927b |||||||| |||| 00| 0 eng d
024 _a15739
037 _cTextual
040 _aSDCL
_cSDCL
_beng
041 _2eng
_aeng
082 _aO13,1:gx1,1, L7
100 _aBywater Ingram Tr.
_9500732
245 0 _aAristotle on the art of poetry.
260 _c1997
942 _hO13,1:gx1,1, L7
_cTEXL
_2CC
999 _c818124
_d818124